| 000 | 00371nam a22001337a 4500 | ||
|---|---|---|---|
| 003 | SGT | ||
| 082 |
_a612 _bC10M |
||
| 100 | _aI MINISTRY OF HEALTH & FAMILY WELFARE | ||
| 245 | _aCLINICAL RESEARCH PROTOCOLS FOR TRADITIONAL HEALTH SCIENCES | ||
| 260 |
_aDELHI _bI MINISTRY OF HEALTH & FAMILY WELFARE _c2010 |
||
| 300 | _a1090 | ||
| 650 | _aCLINICAL RESEARCH | ||
| 942 |
_2ddc _cBK |
||
| 999 |
_c8663 _d8663 |
||